Dzielnice Gdańska czy Gdyni? - Statystyki

Ogólne statystyki
  • Ten quiz został rozwiązany 35 razy
    10 od ostatniego zresetowania
  • Średni wynik to 14 z 15
Statystyki odpowiedzi
Zagadnienie Odpowiedź % Poprawnych
Przymorze Wielkie Gdańsk
100%
Oliwa Gdańsk
100%
Strzyża Gdańsk
100%
Chylonia Gdynia
100%
Witomino Gdynia
100%
Oksywie Gdynia
100%
Redłowo Gdynia
100%
Brzeźno Gdańsk
88%
Nowy Port Gdańsk
88%
Chełm Gdańsk
88%
Zaspa Młyniec Gdańsk
88%
Orłowo Gdynia
88%
Wielki Kack Gdynia
88%
Stogi Gdańsk
75%
Grabówek Gdynia
75%
Nie znaleziono quizów pasujących do podanych kryteriów
Rozkład punktacji
Procent ludzi z każdym wynikiem
Percentyl według liczby udzielonych odpowiedzi
Twoja historia wyników
Nie rozwiązałeś tego quizu od ostatniego zresetowania